[Event "Agneaux St Lo op 18th"]
[Site "Agneaux"]
[Date "2017.07.10"]
[Round "3.4"]
[White "Zeliantsova, Kseniya"]
[Black "Lemire, Salomee"]
[Result "1-0"]
[WhiteElo "1883"]
[BlackElo "1361"]
[PlyCount "69"]
[EventDate "2017.07.08"]
[EventType "swiss"]
[EventRounds "9"]
[EventCountry "FRA"]
[SourceTitle "EXT 2020"]
[Source "ChessBase"]
[SourceDate "2019.10.17"]
[SourceVersion "1"]
[SourceVersionDate "2019.10.17"]
[SourceQuality "1"]

1. e4 c5 2. Nf3 d6 3. d3 Nc6 4. g3 g6 5. Bg2 Bg7 6. 0-0 e6 7. Re1 Nge7 8. c3 0-0 9. Nbd2 Rb8 10. Nf1 d5 11. e5 d4 12. c4 Qc7 13. Bf4 b5 14. b3 bxc4 15. bxc4 Bb7 16. h4 Ba8 17. N1h2 h5 18. Nf1 Rb2 19. N1d2 Nb4 20. Ne4 Bxe4 21. dxe4 Nc2 22. Re2 d3 23. Qxd3 Rd8 24. Qc3 Nxa1 25. Qxb2 Rd1+ 26. Re1 Qd8 27. Rf1 Qd3 28. Qb8+ Kh7 29. Ng5+ Kh6 30. Nxf7+ Kh7 31. Ng5+ Kh6 32. Nxe6+ Kh7 33. Nf8+ Bxf8 34. Qxf8 Rxf1+ 35. Bxf1 1-0